书目信息 |
| 题名: |
经济法概论
|
|
| 作者: | 刘文华 主编 | |
| 分册: | ||
| 出版信息: | 北京 国家开放大学出版社 2021 |
|
| 页数: | 373页 | |
| 开本: | 26cm | |
| 丛书名: | ||
| 单 册: | ||
| 中图分类: | D922.290.1 , D922.2 | |
| 科图分类: | ||
| 主题词: | 经济法--中国--开放教育--教材 | |
| 电子资源: | ||
| ISBN: | 978-7-304-10562-4 | |
| 000 | 00859nam0 2200253 450 | |
| 001 | 2346180233 | |
| 005 | 20231226125042.13 | |
| 010 | @a978-7-304-10562-4@dCNY 49.00 | |
| 100 | @a20210513d2021 em y0chiy0120 ea | |
| 101 | 0 | @achi |
| 102 | @aCN@b110000 | |
| 105 | @ay z 000yy | |
| 200 | 1 | @a经济法概论@Ajing ji fa gai lun@b专著@f刘文华主编 |
| 205 | @a5版 | |
| 210 | @a北京@c国家开放大学出版社@d2021 | |
| 215 | @a373页@d26cm | |
| 300 | @a开放教育融媒体教材 | |
| 330 | @a本书共十七章,主要内容包括:法学基础理论知识、民法基础知识、企业法律制度、公司法律制度、合同法律制度、工业产权法律制度、财政法律制度、金融法律制度、竞争法律制度等。 | |
| 606 | 0 | @a经济法@y中国@x开放教育@j教材 |
| 690 | @aD922.290.1@v5 | |
| 690 | @aD922.2@v4 | |
| 701 | 0 | @a刘文华@Aliu wen hua@f(1932~2020)@4主编 |
| 801 | 2 | @aCN@b辽宁北配@c20231205 |
| 905 | @aBZT@dD922.2@e45=5 | |
| 经济法概论/刘文华主编.-5版.-北京:国家开放大学出版社,2021 |
| 373页;26cm |
| 开放教育融媒体教材 |
| ISBN 978-7-304-10562-4:CNY 49.00 |
| 本书共十七章,主要内容包括:法学基础理论知识、民法基础知识、企业法律制度、公司法律制度、合同法律制度、工业产权法律制度、财政法律制度、金融法律制度、竞争法律制度等。 |
| ● |
| 相关链接 |
|
|
|
正题名:经济法概论
索取号:D922.2/45=5
 
预约/预借
| 序号 | 登录号 | 条形码 | 馆藏地/架位号 | 状态 | 备注 |
| 1 | 2001712852 | 2001712852 | 辽三/辽宁北配(第三批)/4153/ [索取号:D922.2/45=5] | 在馆 | |
| 2 | 2001712853 | 2001712853 | 辽三/辽宁北配(第三批)/4153/ [索取号:D922.2/45=5] | 在馆 | |
| 3 | 2001712854 | 2001712854 | 辽三/辽宁北配(第三批)/4153/ [索取号:D922.2/45=5] | 在馆 | |
| 4 | 2001712855 | 2001712855 | 辽三/辽宁北配(第三批)/4153/ [索取号:D922.2/45=5] | 在馆 | |
| 5 | 2001712856 | 2001712856 | 辽三/辽宁北配(第三批)/4153/ [索取号:D922.2/45=5] | 在馆 | |
| 6 | 2001712857 | 2001712857 | 辽三/辽宁北配(第三批)/4153/ [索取号:D922.2/45=5] | 在馆 | |
| 7 | 2001712858 | 2001712858 | 辽三/辽宁北配(第三批)/4153/ [索取号:D922.2/45=5] | 在馆 | |
| 8 | 2001712859 | 2001712859 | 辽三/辽宁北配(第三批)/4153/ [索取号:D922.2/45=5] | 在馆 | |
| 9 | 2001712860 | 2001712860 | 辽三/辽宁北配(第三批)/4153/ [索取号:D922.2/45=5] | 在馆 | |
| 10 | 2001712861 | 2001712861 | 辽三/辽宁北配(第三批)/4153/ [索取号:D922.2/45=5] | 在馆 | |
| 11 | 2001712862 | 2001712862 | 辽三/辽宁北配(第三批)/4153/ [索取号:D922.2/45=5] | 在馆 | |
| 12 | 2001712863 | 2001712863 | 辽三/辽宁北配(第三批)/4153/ [索取号:D922.2/45=5] | 在馆 | |
| 13 | 2001712864 | 2001712864 | 辽三/辽宁北配(第三批)/4153/ [索取号:D922.2/45=5] | 在馆 | |
| 14 | 2001712865 | 2001712865 | 辽三/辽宁北配(第三批)/4153/ [索取号:D922.2/45=5] | 在馆 | |
| 15 | 2001712866 | 2001712866 | 辽三/辽宁北配(第三批)/4153/ [索取号:D922.2/45=5] | 在馆 | |
| 16 | 2001712867 | 2001712867 | 辽三/辽宁北配(第三批)/4153/ [索取号:D922.2/45=5] | 在馆 | |
| 17 | 2001712868 | 2001712868 | 辽三/辽宁北配(第三批)/4153/ [索取号:D922.2/45=5] | 在馆 | |
| 18 | 2001712869 | 2001712869 | 辽三/辽宁北配(第三批)/4153/ [索取号:D922.2/45=5] | 在馆 | |
| 19 | 2001712870 | 2001712870 | 辽三/辽宁北配(第三批)/4153/ [索取号:D922.2/45=5] | 在馆 | |
| 20 | 2001712871 | 2001712871 | 辽三/辽宁北配(第三批)/4153/ [索取号:D922.2/45=5] | 在馆 | |
| 21 | 2001712872 | 2001712872 | 辽三/辽宁北配(第三批)/4153/ [索取号:D922.2/45=5] | 在馆 | |
| 22 | 2001712873 | 2001712873 | 辽三/辽宁北配(第三批)/4153/ [索取号:D922.2/45=5] | 在馆 | |
| 23 | 2001712874 | 2001712874 | 辽三/辽宁北配(第三批)/4153/ [索取号:D922.2/45=5] | 在馆 | |
| 24 | 2001712875 | 2001712875 | 辽三/辽宁北配(第三批)/4153/ [索取号:D922.2/45=5] | 在馆 | |
| 25 | 2001712876 | 2001712876 | 辽三/辽宁北配(第三批)/4153/ [索取号:D922.2/45=5] | 在馆 | |
| 26 | 2001712877 | 2001712877 | 辽三/辽宁北配(第三批)/4153/ [索取号:D922.2/45=5] | 在馆 | |
| 27 | 2001712878 | 2001712878 | 辽三/辽宁北配(第三批)/4153/ [索取号:D922.2/45=5] | 在馆 | |
| 28 | 2001712879 | 2001712879 | 辽三/辽宁北配(第三批)/4153/ [索取号:D922.2/45=5] | 在馆 | |
| 29 | 2001712880 | 2001712880 | 辽三/辽宁北配(第三批)/4153/ [索取号:D922.2/45=5] | 在馆 | |
| 30 | 2001712881 | 2001712881 | 辽三/辽宁北配(第三批)/4153/ [索取号:D922.2/45=5] | 在馆 |